Apache 207 - Breaking your heart (lyrics) - Statistiken

Allgemein
  • Dieses Quiz wurde 119 mal gespielt
  • Das Durchschnittsergebnis liegt bei 210 aus 292
Antwortstatistiken
Antwort % Korrekt
Oh
97%
Uh,
97%
(ah-ah-ah, ah, aha)
96%
breakin'
96%
(eh-eh)
96%
heart
96%
heart,
96%
heart)
96%
(uhh)
96%
uhh
96%
your
94%
(your
94%
Du
90%
du
90%
du,
90%
of
90%
be
89%
ich
89%
Ich
89%
nicht,
89%
nicht
89%
end
85%
the
85%
At
83%
weiß,
82%
will
82%
will,
82%
da
80%
road,
79%
Was
79%
was
79%
I'll
77%
deine
76%
Aber
75%
vor
75%
weißt
75%
dei'm
72%
dir
72%
ein
72%
Und
72%
das
70%
Baby,
69%
noch
69%
wie's
69%
es,
68%
an
66%
der
66%
die
66%
willst
66%
zu
66%
Ampel
62%
bitte,
62%
bitte
62%
doch
62%
Doch
62%
so
62%
auf
61%
bei
61%
direkt
61%
mir
61%
Rot
61%
schon
61%
sein
61%
Haus
59%
nie
59%
bin
58%
imponiert
58%
imponiert,
58%
mich
58%
Zufall
58%
dem
56%
hat
56%
steig'
56%
Denn
55%
machst?
55%
schaltet
55%
yeah
55%
yeah)
55%
auch
54%
Fenster
54%
konntest
54%
viel
54%
Balkon
52%
dann
52%
oft
52%
Sowas
52%
wiederstehen,
52%
(wiederstehen,
52%
aus
51%
hörst
51%
alleine
49%
meine
49%
sahst
49%
blickst
48%
Ja,
48%
Pferde
48%
viele
48%
deiner
46%
heraus
46%
Eltern
45%
juckt
45%
vorbeifahren
45%
ihr
44%
ist
44%
mehr
44%
ziehen,
44%
brauchst
42%
jetzt
42%
Schwiegersohn
42%
Schuld
41%
wagst
39%
Nase,
38%
schlafen
38%
sexy
35%
Fehler,
31%
Solltest
25%
kommen,
23%
Keine übereinstimmenden Quizze gefunden
Verteilung der Resultate
Anzahl Personen mit jedem Resultat
Perzentil nach korrekt beantworteten Fragen
Ihre Resultats-Entwicklung
Sie haben dieses Quiz noch nicht gespielt